000 00809nam a22001697a 4500
005 20260123084125.0
008 230714b ||||| |||| 00| 0 eng d
040 _cSSBUL
_dSSBUL
082 _223
_a၈၉၅.၆၁ ဖူ ၁၆၀၁၃ (S-SAT)
100 _aဖူဂျီဝါရာတေက။
_928003
245 _aစာဆိုတရာ ကဗျာတစ်ပုဒ် /
_cဖူဂျီဝါရာတေက၊ ဘာသာပြန်သူများ တက္ကသိုလ်ညိုမေ(ဒေါ်ခင်ရီ)။
300 _a၁၀၀ စာမျက်နှာ၊
_c၂၁ စင်တီ။
500 _aS-SAT: Dr. Prof Sai Aung Tun
650 _aဂျပန်ကဗျာ။
_928004
650 _aဂျပန်စာပေ
_xကဗျာ။
_928005
942 _2ddc
_cBK1
999 _c27219
_d27219